Top 5 Songs On X (Ken Carson) - Statistics

General Stats
  • This quiz has been taken 332 times
  • The average score is 4 of 5
Answer Stats
Hint Answer % Correct
26,798,830 Freestyle 2
98%
11,323,420 MDMA (feat. Destroy Lonely)
86%
15,633,594 Murda Musik (feat. Destroy Lonely)
80%
4,859,428 PDBMH
58%
4,908,440 The End
56%
No matching quizzes found
Score Distribution
Percent of People with Each Score
Percentile by Number Answered
Your Score History
You have not taken this quiz